书目信息 |
| 题名: |
进化的奇迹
|
|
| 作者: | 斯凯利 , 尼尔 著 ;洛伦兹 , 吴勐 摄 | |
| 分册: | ||
| 出版信息: | 北京 北京联合出版公司 2018 |
|
| 页数: | 125页 | |
| 开本: | 26cm | |
| 丛书名: | ||
| 单 册: | ||
| 中图分类: | N287.12 | |
| 科图分类: | ||
| 主题词: | 自然历史博物馆--介绍--美国 | |
| 电子资源: | ||
| ISBN: | 978-7-5596-1576-3 | |
| 000 | 01285nam0 2200265 450 | |
| 001 | 85 | |
| 005 | 20180920172750.72 | |
| 010 | @a978-7-5596-1576-3@dCNY68.00 | |
| 100 | @a20180513d2018 em y0chiy50 ea | |
| 101 | 1 | @achi@ceng |
| 102 | @aCN@b110000 | |
| 105 | @aa z 000yy | |
| 200 | 1 | @a进化的奇迹@9jin hua de qi ji@e耶鲁皮博迪自然博物馆150年发现与探索之旅@dExploration and discovery@f(美)大卫·K. 斯凯利,(美)托马斯·J. 尼尔著@g(美)罗伯特·洛伦兹摄@g吴勐译@zeng |
| 210 | @a北京@c北京联合出版公司@d2018 | |
| 215 | @a125页@c图@d26cm | |
| 330 | @a本书用200余幅珍贵史料图片,展示了皮博迪自然博物馆的经典藏品,如世界上最大的、完整的雷龙骨架;最后一只北美旅鸽的活体标本;2012年发现的猴子新品种的头骨等。回顾这座博物馆的诞生、科学家的科考远征,以及为守护大自然而采取的保育行动,重申了皮博迪自然博物馆过去150多年探索与发现的重大意义。 | |
| 510 | 1 | @aExploration and discovery@etreasures of the Yale Peabody museum of natural history@zeng |
| 606 | 0 | @a自然历史博物馆@x介绍@y美国 |
| 690 | @aN287.12@v5 | |
| 701 | 0 | @c(美)@a斯凯利@9si kai li@c(Skelly, David K.)@4著 |
| 701 | 0 | @c(美)@a尼尔@9ni er@c(Near, Thomas J.)@4著 |
| 702 | 0 | @c(美)@a洛伦兹@9luo lun zi@c(Lorenz, Robert)@4摄 |
| 702 | 0 | @a吴勐@9wu meng@4译 |
| 801 | 0 | @aCN@b91MARC@c20180513 |
| 905 | @aMuseLib@dN287.12@e131 | |
| 进化的奇迹:耶鲁皮博迪自然博物馆150年发现与探索之旅=Exploration and discovery/(美)大卫·K. 斯凯利,(美)托马斯·J. 尼尔著/(美)罗伯特·洛伦兹摄/吴勐译.-北京:北京联合出版公司,2018 |
| 125页:图;26cm |
| ISBN 978-7-5596-1576-3:CNY68.00 |
| 本书用200余幅珍贵史料图片,展示了皮博迪自然博物馆的经典藏品,如世界上最大的、完整的雷龙骨架;最后一只北美旅鸽的活体标本;2012年发现的猴子新品种的头骨等。回顾这座博物馆的诞生、科学家的科考远征,以及为守护大自然而采取的保育行动,重申了皮博迪自然博物馆过去150多年探索与发现的重大意义。 |
| ● |
| 相关链接 |
|
|
|
|
正题名:进化的奇迹
索取号:N287.12/131
 
预约/预借
| 序号 | 登录号 | 条形码 | 馆藏地/架位号 | 状态 | 备注 |
| 1 | 1118164 | 211181647 | 第二样本阅览室/ [索取号:N287.12/131] | 在馆 | |
| 2 | 1118165 | 211181656 | 第三借阅区/ [索取号:N287.12/131] | 在馆 | |
| 3 | 1118166 | 211181665 | 第三借阅区/ [索取号:N287.12/131] | 在馆 | |
| 4 | 1118167 | 211181674 | 第三借阅区/ [索取号:N287.12/131] | 在馆 | |
| 5 | 1118168 | 211181683 | 第三借阅区/ [索取号:N287.12/131] | 在馆 |